Types of Watercraft - Statistics

General Stats
  • This quiz has been taken 8 times
  • The average score is 10 of 16
Answer Stats
Picture Answer % Correct
Cruise Ship
100%
Submarine
100%
Ferry
88%
Aircraft Carrier
75%
Cruiser
75%
Hovercraft
75%
Junk
75%
Oil Tanker
75%
Container Ship
63%
Ironclad
50%
Frigate
38%
Trireme
38%
Coracle
25%
Dhow
25%
Longship
25%
Minesweeper
25%
No matching quizzes found
Score Distribution
Percent of People with Each Score
Percentile by Number Answered
Your Score History
You have not taken this quiz